| 000 | 00496nmm a2200169Ia 4500 | ||
|---|---|---|---|
| 008 | 251105s9999||||xx |||||||||||||||||und|| | ||
| 020 | _a9789586488020 | ||
| 041 | _aspa | ||
| 100 | _aToro López, Francisco J. | ||
| 245 | 0 | _aGerencia de proyectos: aplicaciones en salud | |
| 264 |
_a[Bogotá, Colombia] : _bEcoe Ediciones, _c2013 |
||
| 300 | _a132 páginas | ||
| 490 | _aCiencias de la salud | ||
| 650 | _aMedicine | ||
| 856 | _uhttps://public.digitaliapublishing.com/a/29954 | ||
| 942 | _cCF | ||
| 999 |
_c95399 _d95399 |
||